000 00715nam a22001577a 4500
003 OSt
005 20150916172814.0
008 150916b xxu||||| |||| 00| 0 eng d
040 _cRUA
082 _aAGR MAN 2004 B029 Or.1
100 _9625
_aMAN KONGKEA
245 _aEffects of fertilizer types on tomato diseases and insect pests at royal university of agriculture,(ឥទ្ធិពលនៃប្រភេទជីទៅលើជំងឺ និងសត្វល្អិតចង្រៃនៃដំណាំប៉េងប៉ោះនៅសាកលវិទ្យាល័យភូមិន្ទកសិកម្ម)
260 _aphnom penh
_bRUA
_c2004
300 _a56p.
_cill.
_g29cm.
942 _2ddc
_cAGR
999 _c600
_d600